Schaum's outline of theory and problems of programming with structured BASIC (Record no. 3908)

000 -LEADER
fixed length control field 00761nam a2200229 a 4500
001 - CONTROL NUMBER
control field 3908
003 - CONTROL NUMBER IDENTIFIER
control field BD-DhUET
008 - FIXED-LENGTH DATA ELEMENTS--GENERAL INFORMATION
fixed length control field 911113s1993 nyua 001 0 eng
020 ## - INTERNATIONAL STANDARD BOOK NUMBER
International Standard Book Number 0070238995
040 ## - CATALOGING SOURCE
Original cataloging agency DLC
Transcribing agency DLC
Modifying agency BD-DhUET
082 00 - DEWEY DECIMAL CLASSIFICATION NUMBER
Classification number 001.6424
Item number GOT/1993
100 1# - MAIN ENTRY--PERSONAL NAME
Personal name Gottfried, Byron S.,
245 10 - TITLE STATEMENT
Title Schaum's outline of theory and problems of programming with structured BASIC
Statement of responsibility, etc. by Byron S. Gottfried.
250 ## - EDITION STATEMENT
Edition statement 1st ed.
260 ## - PUBLICATION, DISTRIBUTION, ETC. (IMPRINT)
Place of publication, distribution, etc. New York :
Name of publisher, distributor, etc. McGraw-Hill,
Date of publication, distribution, etc. 1993.
300 ## - PHYSICAL DESCRIPTION
Extent ix, 421 p. :
Other physical details ill. ;
Dimensions 28 cm.
490 0# - SERIES STATEMENT
Series statement Schaum's outline series
650 #0 - SUBJECT ADDED ENTRY--TOPICAL TERM
Topical term or geographic name as entry element BASIC (Computer program language)
942 ## - ADDED ENTRY ELEMENTS (KOHA)
Koha item type General Book
856 42 - ELECTRONIC LOCATION AND ACCESS
Uniform Resource Identifier http://www.loc.gov/catdir/description/mh031/91043808.html
856 41 - ELECTRONIC LOCATION AND ACCESS
Uniform Resource Identifier http://www.loc.gov/catdir/toc/mh021/91043808.html
Holdings
Price effective from Piece designation (barcode) Lost status Copy number Withdrawn status Source of classification or shelving scheme Not for loan Location (home branch) Sublocation or collection (holding branch) Shelving location Koha date last seen Koha full call number Damaged status Koha normalized classification for sorting Date acquired Koha item type
2014-11-0893454 1   Central Library, BUETCentral Library, BUETCirculation section2014-11-08001.6424/GOT/1993 001_000000000000000_6424GOT1992014-11-08General Book